00963cam a22002893a 450000100060000000300060000600500170001200800410002904000150007004200070008505000070009210000520009924500650015126000290021650600300024551600200027565300370029565300490033265300400038165300400042165300330046165300370049465300320053165300390056383000290060285600420063121694PGUSA20140828083448.0070606s2007||||xxu|||||s|||||000 1 eng d aPGUSAbeng adc 4aPZ1 aBallantyne, R. M.q(Robert Michael),d1825-189414aThe Prairie Chiefh[electronic resource] /cR. M. Ballantyne bProject Gutenberg,c2007 aPublic domain in the USA. aElectronic text aMissionaries -- Juvenile fiction aIndians of North America -- Juvenile fiction aConduct of life -- Juvenile fiction aNatural history -- Juvenile fiction aTrappers -- Juvenile fiction aOutdoor life -- Juvenile fiction aHunting -- Juvenile fiction aChristian life -- Juvenile fiction 0aProject Gutenbergv2169440uhttp://www.gutenberg.org/ebooks/21694